| Tag |
First Indicator |
Second Indicator |
Subfields |
| LEADER |
00000cam a2200000 a 4500 |
| 001 |
in00000748021 |
| 005 |
20151016162128.0 |
| 007 |
hd afa014baca |
| 008 |
760816s1889 ctu a 00011 eng d |
| 035 |
|
|
|a (OCoLC)02377444
|
| 035 |
|
|
|9 ADJ2842AM
|
| 040 |
|
|
|a JNA
|c JNA
|d LWS
|d UtOrBLW
|
| 049 |
|
|
|a TXAI
|
| 090 |
|
|
|a PS15
|
| 099 |
|
|
|a film
|a B
|a 1551
|
| 100 |
1 |
|
|a Rexdale, Robert,
|d 1859-1929.
|
| 245 |
1 |
0 |
|a Saved by the sword :
|b a novel /
|c by Robert Rexdale ; illustrations by John Calvin Stevens and Bert Poole.
|
| 264 |
|
1 |
|a Boston :
|b Winthrop Pub. Co.,
|c 1889.
|
| 300 |
|
|
|a [9]-226 pages ;
|c 20 cm.
|
| 336 |
|
|
|a text
|b txt
|2 rdacontent
|
| 337 |
|
|
|a microform
|b h
|2 rdamedia
|
| 338 |
|
|
|a microfilm reel
|b hd
|2 rdacarrier
|
| 533 |
|
|
|a Microfilm.
|b Woodbridge, Conn. :
|c Research Publications,
|d 1970-1978.
|e 1 microfilm reel ; 35 mm.
|f (Wright American fiction ; v. 3 (1876-1900), reel R-14, no.4519)
|
| 500 |
|
|
|a Microform.
|
| 999 |
|
|
|a MARS
|
| 999 |
f |
f |
|s 10285bf9-b90f-3b22-8aef-717601d6fb33
|i 61e6e58d-6031-333b-9a97-3e65c242d4f0
|t 0
|
| 952 |
f |
f |
|p default
|a Texas A&M University
|b College Station
|c Sterling C. Evans Library
|d Evans: Microforms (3rd floor)
|t 0
|e film B 1551 v.3 reel R-14 no.4519
|h Other scheme
|i microform -- microfilm reel
|
| 998 |
f |
f |
|a film B 1551 v.3 reel R-14 no.4519
|t 0
|l Evans: Microforms (3rd floor)
|